Timetable planning /

Bibliographic Details
Main Author: Brookes, John
Format: Book
Language:English
Published: London : Heinemann Educational Books in association with Royal Institute of Public Administration, 1980.
Series:Heinemann organization in schools series
Subjects:

MARC

Tag First Indicator Second Indicator Subfields
LEADER 00000cam a2200000 a 4500
001 in00000081781
005 20151008054142.0
008 801230s1980 enka 00110 eng d
020 |a 0435801503 :  |c 5.50 
035 |a (OCoLC)07039196 
035 |9 AAH9796AM 
040 |a VPI  |c VPI  |d TXA  |d UtOrBLW 
049 |a TXAM  |c [1803916] 
090 |a LB1038  |b .B76 
100 1 |a Brookes, John. 
245 1 0 |a Timetable planning /  |c John Brookes. 
264 1 |a London :  |b Heinemann Educational Books in association with Royal Institute of Public Administration,  |c 1980. 
300 |a 114 pages :  |b illustrations ;  |c 23 cm. 
336 |a text  |b txt  |2 rdacontent 
337 |a unmediated  |b n  |2 rdamedia 
338 |a volume  |b nc  |2 rdacarrier 
490 0 |a Heinemann organization in schools series 
500 |a Includes index. 
650 0 |a Schedules, School. 
999 |a MARS 
999 f f |s 48eecd5a-1246-3ca7-99cb-b6aa3a37e379  |i 3bf2621f-13dd-35b0-afb0-51564570bb4a  |t 0 
952 f f |p normal  |a Texas A&M University  |b College Station  |c Sterling C. Evans Library  |d Evans: Library Stacks  |t 0  |e LB1038 .B76  |h Library of Congress classification  |i unmediated -- volume  |m A14806159731 
998 f f |a LB1038 .B76  |t 0  |l Evans: Library Stacks